| 000 | 00440pam a2200169a 44500 | ||
|---|---|---|---|
| 008 | 230405s2013 xxu||||| |||| 00| 0 eng d | ||
| 020 |
_a1437717071 _c$ 81.95 (Rs. 5040) |
||
| 082 |
_a617.0231 _bDEW |
||
| 100 | _aDeWit, Susan C. | ||
| 245 | _aMedical-Surgical Nursing, | ||
| 250 | _a2nd Ed. | ||
| 260 |
_aMissouri _bElsevier Saunders _c2013 |
||
| 300 | _a1234 p | ||
| 502 | _atext | ||
| 700 | _aKumagai, Candice K. | ||
| 906 | _a000214 | ||
| 999 |
_c248929 _d248929 |
||